Nuevos factores en la política contemporánea /

Guardat en:
Dades bibliogràfiques
Autor principal: Shajnazárov, Gueorgui
Format: Text
Etiquetes: Afegir etiqueta
Sense etiquetes, Sigues el primer a etiquetar aquest registre!

MARC

LEADER 00000 a a2200000 04500
001 3149
003
040
100 |a Shajnazárov, Gueorgui  
245 |a Nuevos factores en la política contemporánea /  |c Gueorgui Shajnazárov 
773 |g número 1; páginas 40-52  
999 |c 39983  |d 39983